Assessing agricultural production systems from a sustainability perspective: some findings from agro-ecological zones of Africa
Hodnotenie poľnohospodárskych produkčných systémov Afriky z perspektívy trvalej udržateľnosti. Zistenia ukazujú negatívny trend faktora celkovej produktivity.
Salvato in:
| Autore principale: | |
|---|---|
| Natura: | Capitolo di libro |
| Lingua: | inglese |
| Soggetti: | |
| Tags: |
Nessun Tag, puoi essere il primo ad aggiungerne!!
|
MARC
| LEADER | 00000nla a2200000 4500 | ||
|---|---|---|---|
| 001 | 0235082 | ||
| 005 | 20240417075125.3 | ||
| 041 | 0 | |a eng | |
| 044 | |a SK | ||
| 245 | 1 | 0 | |a Assessing agricultural production systems from a sustainability perspective: some findings from agro-ecological zones of Africa |c Kalu Ukpai Ifegwu |
| 520 | |a Hodnotenie poľnohospodárskych produkčných systémov Afriky z perspektívy trvalej udržateľnosti. Zistenia ukazujú negatívny trend faktora celkovej produktivity. | ||
| 610 | 2 | 0 | |a poľnohospodárstvo |
| 610 | 2 | 0 | |a produkcia |
| 610 | 2 | 0 | |a rozvoj trvalo udržateľný |
| 610 | 2 | 0 | |a faktory výrobné |
| 610 | 2 | 0 | |a produktivita |
| 610 | 2 | 0 | |a Afrika |
| 100 | 1 | |a Ifegwu, Kalu Ukpai | |